• AIU
  • Tony Wilmot Memorial Library

Early Japan, (Record no. 58344)

MARC details
000 -LEADER
fixed length control field 00826cam a2200253 4500
001 - CONTROL NUMBER
control field 2649162
003 - CONTROL NUMBER IDENTIFIER
control field OSt
005 - DATE AND TIME OF LATEST TRANSACTION
control field 20140121100211.0
008 - FIXED-LENGTH DATA ELEMENTS--GENERAL INFORMATION
fixed length control field 680710s1968 nyuab b 000 0 eng
010 ## - LIBRARY OF CONGRESS CONTROL NUMBER
LC control number 68027297
040 ## - CATALOGING SOURCE
Original cataloging agency DLC
Transcribing agency DLC
Modifying agency DLC
050 00 - LIBRARY OF CONGRESS CALL NUMBER
Classification number DS822.2
Item number .L4
082 00 - DEWEY DECIMAL CLASSIFICATION NUMBER
Classification number 915.2/03
100 1# - MAIN ENTRY--PERSONAL NAME
Personal name Leonard, Jonathan Norton,
Dates associated with a name 1903-1975.
9 (RLIN) 24001
245 10 - TITLE STATEMENT
Title Early Japan,
Statement of responsibility, etc by Jonathan Norton Leonard and the editors of Time-Life Books.
260 ## - PUBLICATION, DISTRIBUTION, ETC. (IMPRINT)
Place of publication, distribution, etc New York,
Name of publisher, distributor, etc Time-Life Books
Date of publication, distribution, etc [1968]
300 ## - PHYSICAL DESCRIPTION
Extent 191 p.
Other physical details illus. (part col.), col. maps.
Dimensions 28 cm.
490 0# - SERIES STATEMENT
Series statement Great ages of man; a history of the world's cultures
504 ## - BIBLIOGRAPHY, ETC. NOTE
Bibliography, etc Bibliography: p. 186.
651 #0 - SUBJECT ADDED ENTRY--GEOGRAPHIC NAME
Geographic name Japan
General subdivision Civilization.
9 (RLIN) 24067
710 2# - ADDED ENTRY--CORPORATE NAME
Corporate name or jurisdiction name as entry element Time-Life Books.
9 (RLIN) 24068
906 ## - LOCAL DATA ELEMENT F, LDF (RLIN)
a 7
b cbc
c orignew
d u
e ncip
f 19
g y-gencatlg
942 ## - ADDED ENTRY ELEMENTS (KOHA)
Source of classification or shelving scheme Library of Congress Classification
Koha item type Books
Holdings
Withdrawn status Lost status Source of classification or shelving scheme Damaged status Not for loan Collection code Home library Current library Shelving location Date acquired Source of acquisition Total Checkouts Full call number Barcode Date last seen Price effective from Koha item type
    Library of Congress Classification     General Circulation AIU/NEGST - Tony Wilmot Memorial Library AIU/NEGST - Tony Wilmot Memorial Library General Stacks 01/21/2014 40.00   DS 822.2.L4 1968 R40678M3232 09/02/2019 01/21/2014 Books